000 01575nam a2200181Ia 4500
003 GCL
008 140319s9999 xx 000 0 ara d
040 _aGCL /
_cGCL
082 0 4 _aط
_b813.01
_bد م
245 1 0 _aالمكتبة الخضراء للاطفال : الرحلة العجيبة لعروس النيل-القدم الذهبية-سر الشعر الاسود-سر اللحية البيضاء-بنات الصياد-المرأة السحرية-خاتم السلطان-الوزير الحكيم-نهر الذهب-دنانير لبلبة-اميرة القصر الذهبى-الحصان الطيار-الشاطر المحظوظ-الكرة الذهبية-الراعى الشجاع-اليس في بلاد العجائب-جيل العجائب-الفارة البيضاء-فى جزيرة النور-الليمون العجيب-المغامر الجرئ-البنت والاسد-الصياد الماهر-قصير الذيل-الاخوات الثلاث-عقلة الاصبع-عروس البحر-الجميلة النائمة-الانف العجيب-البلبل-الملك عادل-الاميرة والثعبان :
_bالرفيق المجهول-الاميرة الحسناء-البجعات المتوحشات-القداحة العجيبة-سندريلا-اطفال الغابة
260 _aالقاهرة :
_bدار المعارف ،
_c1991
300 _aمتعدد ؛
_c24سم
490 _aالمكتبة الخضراء للاطفال
_v0
650 0 4 _aالقصص القصيرة
650 0 4 _aقصص الاطفال
650 0 4 _aادب الاطفال
942 _2ddc
_cBK
999 _c50858
_d50858